000 00469nam a2200181Ia 4500
008 240925s9999 xx 000 0 und d
020 _aNA
082 _a621.3851 LIN
100 _aLin , Yi-Bing
245 0 _aWireless and Mobile Network Architectures
250 _aNA
260 _aNew York:
_bJohn Wiley & Sons
_c,2004.
300 _axii,612p.
_bNA
_fPirated
500 _aIncludes Index
600 _aElectronic Engineering
650 _aTechnology
942 _cBK
999 _c8687
_d8687